书目信息 |
| 题名: |
生态旅游与生态文明高峰论坛文集
|
|
| 作者: | 韩也良 , 华抗美 主编 ;中国生态学会旅游生态专业委员会 主编 | |
| 分册: | ||
| 出版信息: | 北京 中国环境科学出版社 2008.09 |
|
| 页数: | 233页 | |
| 开本: | 23cm | |
| 丛书名: | 旅游与环境前沿论丛 | |
| 单 册: | ||
| 中图分类: | F592.3-53 , X321.2-53 | |
| 科图分类: | ||
| 主题词: | 生态型--sheng tai xing--旅游--中国--文集 , 生态环境--sheng tai huan jing--环境保护--中国--文集 | |
| 电子资源: | ||
| ISBN: | 978-7-80209-799-5 | |
| 000 | 01370nam 2200313 450 | |
| 001 | 012010709843 | |
| 005 | 20100105102917.71 | |
| 010 | @a978-7-80209-799-5@dCNY36.00 | |
| 100 | @a20100105d2008 em y0chiy0120 ea | |
| 101 | 0 | @achi |
| 102 | @aCN@b110000 | |
| 105 | @ay z 000yy | |
| 106 | @ar | |
| 200 | 1 | @a生态旅游与生态文明高峰论坛文集@Asheng tai lu you yu sheng tai wen ming gao feng lun tan wen ji@f中国生态学会旅游生态专业委员会主编@Fzhong guo sheng tai xue hui lu you sheng tai zhuan ye wei yuan hui zhu bian |
| 210 | @a北京@c中国环境科学出版社@d2008.09 | |
| 215 | @a233页@d23cm | |
| 225 | 2 | @a旅游与环境前沿论丛@Alu you yu huan jing qian yan lun cong |
| 314 | @a主编取自书中 | |
| 330 | @a本书收录了“生态文明是生态旅游的灵魂”、“太湖源生态旅游和谐社区建设与发展机制探讨”、“旅游节庆及其在太湖源景区的开发探讨”、“环境资源是重要的旅游资源”等文章。 | |
| 410 | 0 | @12001 @a旅游与环境前沿论丛 |
| 606 | 0 | @a生态型@Asheng tai xing@x旅游@y中国@j文集 |
| 606 | 0 | @a生态环境@Asheng tai huan jing@x环境保护@y中国@j文集 |
| 690 | @aF592.3-53@v4 | |
| 690 | @aX321.2-53@v4 | |
| 701 | 0 | @a韩也良@Ahan ye liang@4主编 |
| 701 | 0 | @a华抗美@Ahua kang mei@4主编 |
| 712 | 02 | @a中国生态学会旅游生态专业委员会@Azhong guo sheng tai xue hui lu you sheng tai zhuan ye wei yuan hui@4主编 |
| 801 | 0 | @aCN@bQSSK@c20100105 |
| 905 | @b771342-44@dF592.3-53@eH103@f3 | |
| 生态旅游与生态文明高峰论坛文集/中国生态学会旅游生态专业委员会主编.-北京:中国环境科学出版社,2008.09 |
| 233页;23cm.-(旅游与环境前沿论丛) |
| ISBN 978-7-80209-799-5:CNY36.00 |
| 本书收录了“生态文明是生态旅游的灵魂”、“太湖源生态旅游和谐社区建设与发展机制探讨”、“旅游节庆及其在太湖源景区的开发探讨”、“环境资源是重要的旅游资源”等文章。 |
| ● |
| 相关链接 |
|
|
|
正题名:生态旅游与生态文明高峰论坛文集
索取号:F592.3-53/H103
 
预约/预借
| 序号 | 登录号 | 条形码 | 馆藏地/架位号 | 状态 | 备注 |
| 1 | 771342 | 207713429 | 社科二线422/409社科库 39排7列3层/ [索取号:F592.3-53/H103] | 在馆 | |
| 2 | 771343 | 207713438 | 社科库409/400B社科库 3排3列5层/ [索取号:F592.3-53/H103] | 在馆 | |
| 3 | 771344 | 207713447 | 社科库409/409社科库 39排7列3层/ [索取号:F592.3-53/H103] | 在馆 |